| 000 | 00642cam a22002291 4500 | ||
|---|---|---|---|
| 001 | 9355967 | ||
| 003 | SISC | ||
| 005 | 20160606102924.0 | ||
| 008 | 800125t19591958enka j 000 1 eng | ||
| 010 | _a 59016380 | ||
| 020 | _a9780064404457 | ||
| 035 | _a(OCoLC)13537516 | ||
| 040 |
_aDLC _cMB _dDLC |
||
| 042 | _apremarc | ||
| 050 | 0 | 0 |
_aPZ 7 .P3145 _bTo2 1958 |
| 100 | 1 | _aPearce, Philippa. | |
| 245 | 1 | 0 |
_aTom's midnight garden _cIllustrated by Susan Einzig. |
| 260 |
_aLondon, _bOxford University Press _c[1959, c1958] |
||
| 300 |
_a229 p. _bill. _c23 cm. |
||
| 906 |
_a7 _bcbc _coclcrpl _du _encip _f19 _gy-gencatlg |
||
| 942 |
_2lcc _cBK |
||
| 999 |
_c294942 _d294942 |
||